Dopad pandémie COVID-19 na globalizáciu spoločnosti

Zhrnutie a popísanie existujúcich poznatkov v oblasti dopadu pandémie na globalizáciu spoločnosti a preskúmanie ako sa daná problematika prezentuje v dostupnej literatúre. Globalizácia, jej vplyv na pracovné pozície a to, ako COVID-19 mení alebo už zmenil globálnu ekonomiku. Teoretické vymedzenie po...

Descrizione completa

Salvato in:
Dettagli Bibliografici
Autore principale: Kubišová, Eliška
Altri autori: Vaňová, Jaromíra, Chlpeková, Andrea
Natura: Capitolo di libro
Lingua:slovacco
Soggetti:
Tags: Aggiungi Tag
Nessun Tag, puoi essere il primo ad aggiungerne!!

MARC

LEADER 00000naa a2200000 4500
001 0280397
005 20240417075148.9
041 0 |a slo 
044 |a SK 
245 1 0 |a Dopad pandémie COVID-19 na globalizáciu spoločnosti  |c Eliška Kubišová, Jaromíra Vaňová, Andrea Chlpeková 
520 |a Zhrnutie a popísanie existujúcich poznatkov v oblasti dopadu pandémie na globalizáciu spoločnosti a preskúmanie ako sa daná problematika prezentuje v dostupnej literatúre. Globalizácia, jej vplyv na pracovné pozície a to, ako COVID-19 mení alebo už zmenil globálnu ekonomiku. Teoretické vymedzenie pojmov súvisiacich s globalizáciou z hľadiska Európskej únie. Dopad globálnej pandémie COVID-19 na globálnu ekonomiku, ako aj na pracovné pozície. 
610 2 0 |a koronavírus 
610 2 0 |a Európska únia 
610 2 0 |a globalizácia 
610 2 0 |a trh práce 
610 2 0 |a miesta pracovné 
100 1 |a Kubišová, Eliška 
700 1 |a Vaňová, Jaromíra 
700 1 |a Chlpeková, Andrea